Normal view
MARC view
- Siddiqui, Mohammad Ismail
Entry Personal Name
001 - CONTROL NUMBER
- control field: 109550
003 - CONTROL NUMBER IDENTIFIER
- control field: NUST
005 - DATE AND TIME OF LATEST TRANSACTION
- control field: 20230223185114.0
008 - FIXED-LENGTH DATA ELEMENTS
- fixed length control field: 230223|| aca||aabn | a|a d
040 ## - CATALOGING SOURCE
- Original cataloging agency: NUST
- Transcribing agency: NUST
100 ## - HEADING--PERSONAL NAME
- Personal name: Siddiqui, Mohammad Ismail
670 ## - SOURCE DATA FOUND
- Source citation: Work cat.: (NUST)188111: Siddiqui, Mohammad Ismail, Sipahi Ka khwab / سپاھی کا خواب (1965 کی جنگ پر مشرمل کہانیاں) (Urdu) /, 1982
